|
|
|
|
| LEADER |
01147nam a2200289 a 4500 |
| 001 |
36672 |
| 003 |
BD-DhAAL |
| 005 |
20191126123627.0 |
| 008 |
191126r19891984maua b 001 0 eng d |
| 999 |
|
|
|c 41908
|d 41908
|
| 010 |
|
|
|a 83024875
|
| 020 |
|
|
|a 0262192225
|
| 040 |
|
|
|a DLC
|c DLC
|d DLC
|d BD-DhAAL
|
| 050 |
0 |
0 |
|a HC79.T4
|b S33 1984
|
| 082 |
0 |
0 |
|a 338.06
|2 19
|
| 100 |
1 |
|
|a Scherer, F. M.
|q (Frederic M.)
|9 37696
|
| 245 |
1 |
0 |
|a Innovation and growth :
|b Schumpeterian perspectives /
|c F.M. Scherer.
|
| 260 |
|
|
|a Cambridge, Mass. :
|b MIT Press,
|c c1984 [third printing 1989]
|
| 300 |
|
|
|a x, 297 pages :
|b illustrations ;
|c 24 cm.
|
| 504 |
|
|
|a Includes bibliographies and index.
|
| 526 |
|
|
|a ESS
|
| 541 |
|
|
|a Complimentary copy from Professor Dr. Nasreen Khundker
|e 36672
|
| 600 |
1 |
0 |
|a Schumpeter, Joseph A.,
|d 1883-1950.
|9 37697
|
| 650 |
|
0 |
|a Technological innovations.
|9 37698
|
| 852 |
|
|
|a Ayesha Abed Library
|c General Stacks
|
| 942 |
|
|
|2 ddc
|c BK
|
| 952 |
|
|
|0 0
|1 0
|2 ddc
|4 0
|6 338_060000000000000_SCH
|7 0
|9 67293
|a BRACUL
|b BRACUL
|c GEN
|d 2019-11-26
|e Complimentary copy from Professor Dr. Nasreen Khundker
|l 0
|o 338.06 SCH
|p 3010036672
|r 2019-11-26
|t 1
|w 2019-11-26
|y BK
|